Régimen de los Arrendamientos rústicos protegidos según la Ley de 15 de julio de 1954 y disposiciones complementarias / (Record no. 70322)
[ view plain ]
| 000 -LEADER | |
|---|---|
| campo de control de longitud fija | 00511nam a2200145 i 4500 |
| 001 - NÚMERO DE CONTROL | |
| campo de control | 70322 |
| 003 - IDENTIFICADOR DE NÚMERO DE CONTROL | |
| campo de control | ES-MaACL |
| 007 - CAMPO FIJO DE DESCRIPCIÓN FÍSICA--INFORMACIÓN GENERAL | |
| campo de control de longitud fija | t| |
| 008 - DATOS DE LONGITUD FIJA--INFORMACIÓN GENERAL | |
| campo de control de longitud fija | 040721s1955 sp ||||1| spa d |
| 100 1# - ENTRADA PRINCIPAL--NOMBRE DE PERSONA | |
| Nombre de persona | García Royo, Amando. |
| 9 (RLIN) | 55227 |
| 245 10 - MENCIÓN DEL TÍTULO | |
| Título | Régimen de los Arrendamientos rústicos protegidos según la Ley de 15 de julio de 1954 y disposiciones complementarias / |
| Mención de responsabilidad, etc. | Amando García Royo. |
| 260 ## - PUBLICACIÓN, DISTRIBUCIÓN, ETC. | |
| Lugar de publicación, distribución, etc. | Soria : |
| Nombre del editor, distribuidor, etc. | [s.n., |
| Fecha de publicación, distribución, etc. | 1955] ( |
| Lugar de fabricación/manufactura | Pamplona : |
| Fabricante | Gómez) |
| 300 ## - DESCRIPCIÓN FÍSICA | |
| Extensión | 580 p. ; |
| Dimensiones | 24 cm. |
| 852 ## - LOCALIZACIÓN | |
| Ubicación | ES-MaACL |
| Número de control de estantería | C-7772 |
| Sublocalización o colección | R.37888 |
| Estatus retirado | Estado de pérdida | Estado de daño | No para préstamo | Biblioteca de origen | Biblioteca actual | Ubicación en estantería | Fecha de adquisición | Fuente de adquisición | Total de préstamos | Signatura topográfica completa | Código de barras | Visto por última vez | Precio de reemplazo | Tipo de ítem Koha |
|---|---|---|---|---|---|---|---|---|---|---|---|---|---|---|
| Biblioteca del Ateneo de Madrid | Biblioteca del Ateneo de Madrid | Sala Palomar | 17/01/2008 | C-7772 | 1073639 | 23/02/2023 | 23/02/2023 | Libro impreso |
